000 00570nam a2200181 i 4500
001 33385
003 ES-MaACL
005 20230906154740.0
007 t|
008 030202s1968 sp ||||1| spa d
100 1 _aBilsen, Bertrand van.
_928899
245 1 0 _aPastoral constructiva
_b: apuntes para la renovación de la cura de almas /
_cBertrand van Bilsen ; [tradujo José Alcázar].
260 _aSalamanca :
_bSígueme,
_c1968.
300 _a123 p. ;
_c19 cm.
700 1 _aAlcazar, José.
_9181530
852 _aES-MaACL
_jC-33846
_bR.64903
999 _c33385
_d33385